Alberts Family GTST Quiz Stats

Quiz not verified by Sporcle

Challenge
Share
Tweet
Embed
Score 0/21 Timer 05:00
0 Plays Today
% Correct
Laura
91.3%
Robert
87%
Jef
82.6%
Dorothea
76.1%
Noud
73.9%
Lotje
71.7%
Dian
58.7%
Roos
58.7%
Kim
54.3%
Barbara
52.2%
Sil
50%
% Correct
Arnie
50%
Daantje
50%
Sylvia
45.7%
Karin
41.3%
John
37%
Dennis
37%
Remco
32.6%
Jonas
32.6%
Julian
32.6%
Milan
21.7%

You're not logged in!

Compare scores with friends on all Sporcle quizzes.
Sign Up with Email
OR
Log In

You Might Also Like...

Show Comments

Extras

Top Quizzes Today


Score Distribution

Your Account Isn't Verified!

In order to create a playlist on Sporcle, you need to verify the email address you used during registration. Go to your Sporcle Settings to finish the process.